000
00404nam a2200145Ia 4500
008
100204s9999 xx 000 0 und d
082
_b
10597
100
_a
शहा सुभाष
245
_a
बुरुज
260
_b
"रावजी प्रकाशन , डोंबिवली"
_c
1986
300
_a
163
630
_a
बुरुज
730
_a
बुरुज
942
_c
BOOK
999
_c
455033
_d
455030